header

The social life of coffee (Record no. 139529)

MARC details
000 -LEADER
fixed length control field 01213nam a22003014a 4500
082 04 - DEWEY DECIMAL CLASSIFICATION NUMBER
Classification number 647.9509
100 1# - MAIN ENTRY--AUTHOR NAME
Personal name Cowan, Brian William,
245 14 - TITLE STATEMENT
Title The social life of coffee
260 ## - PUBLICATION, DISTRIBUTION, ETC. (IMPRINT)
Place of publication New Haven [Conn.] :
Name of publisher Yale University Press,
Year of publication c2005.
300 ## - PHYSICAL DESCRIPTION
Number of Pages xii, 364 p. :
Other physical details ill.
650 #0 - SUBJECT ADDED ENTRY--TOPICAL TERM
Topical Term Coffeehouses
Topical Term Coffee
856 40 - ELECTRONIC LOCATION AND ACCESS
Uniform Resource Identifier http://site.ebrary.com/lib/rucke/Doc?id=10170759

No items available.

© 2026 Rongo University
Contact us: librarian | system librarian | Rongo university